Guía visual de Power Point 2010 (Registro nro. 2334)

Detalles MARC
000 -Cabecera
Campo de control de longitud fija 00797aam a2200301 4500
005 - Fecha y hora de la última transacción
Campo de control 20250701131016.0
008 - Elementos de longitud fija--Información general
Campo de control de longitud fija 150527b2010 xxu||||| |||| 00| 0 spa d
041 ## - Idioma
Código de idioma Español
082 ## - Clasificación Decimal Dewey
Número de clasificación 005.58 G633g
100 ## - Entrada principal--Autor personal
Nombre personal Gómez del Castillo, Rosario
245 ## - Título propiamente dicho
Título Guía visual de Power Point 2010
260 ## - Pie de imprenta
Lugar de publicación, distribución, etc. España
Nombre del editor, distribuidor, etc. Anaya
Fecha de publicación, distribución, etc. 2010
300 ## - Descripción física
Extensión 191 páginas
490 ## - Serie
Título de la Serie Temática General
650 ## - Materia general
Temática (materia general) PROGRAMA PARA COMPUTADOR
650 ## - Materia general
Temática (materia general) POWER POINT 2010
650 ## - Materia general
Temática (materia general) CONFIGURACIÓN Y VISTAS
650 ## - Materia general
Temática (materia general) HERRAMIENTAS
650 ## - Materia general
Temática (materia general) PRESENTACIONES
650 ## - Materia general
Temática (materia general) CREACIÓN DE DIAPOSITIVAS
650 ## - Materia general
Temática (materia general) OBJETOS DE UNA DIAPOSITIVA
650 ## - Materia general
Temática (materia general) SMARTART
650 ## - Materia general
Temática (materia general) GRAFICOS
650 ## - Materia general
Temática (materia general) ANIMACIONES
650 ## - Materia general
Temática (materia general) OPERACIONES
650 ## - Materia general
Temática (materia general) PUBLICACIÓN
942 ## - Punto de acceso adicional KOHA
Tipo de ítem KOHA Libro
Fuente del sistema de clasificación o colocación Dewey Decimal Classification
Existencias
Signatura completa Código de barras Programa Académico Tipo de ítem
005.58 G633g 15252   Libro